| 000 | 00690nam a22002057a 4500 | ||
|---|---|---|---|
| 999 |
_c1255 _d1255 |
||
| 003 | AR-CdUCM | ||
| 008 | 190226b ||||| |||| 00| 0 eng d | ||
| 040 |
_aMUNICIPALIDAD PROVINCIAL DEL CUSCO _cBIBLIOTECA MUNICIPAL DEL CUSCO |
||
| 082 |
_a320.4 / _bF83 |
||
| 100 |
_aFriendrich, Carl J. _94878 |
||
| 245 |
_aTradicion y Autoridad: _bConceptos Clave en la Ciencia Politica / _cFriendrich, Carl J. |
||
| 260 |
_aMexico : _bEditores Asociados S.A. , _c1974. |
||
| 300 |
_a130 paginas : _c20 cm. |
||
| 650 |
_aTradicion. _92335 |
||
| 650 |
_aHechos y Normas. _94879 |
||
| 650 |
_aLa Autoridad. _94880 |
||
| 700 |
_aFriendrich, Carl J. _94878 |
||
| 942 |
_2ddc _cLIBROS |
||
| 945 |
_artm _d2019-02-26 |
||